000 00418cam a22001217a 4500
008 180718b1975 xxu||||| |||| 00| 0 eng d
082 _aF51x5404 C737/10
245 _aDocuments of the tenth congress of the Communist Party of India
_cby Communist Party of India
260 _aNew Delhi
_bCommunist Party Publications
_c1975
300 _a449p.
650 _aCommunist Party of India
650 _aPolitical parties - India
999 _c343247
_d343247